Archivmaterialien zu Diether Huhn, 1935-1999

Gespeichert in:  
Bibliographische Detailangaben
1. VerfasserIn: Huhn, Diether 1935-1999 (Verfasst von)
Medienart: Elektronisch Archivmaterial
Sprache:Deutsch
In:Jahr: 2019
Online-Zugang: Archivdatenbank (Kalliope Verbundkatalog)
Verfügbarkeit prüfen: HBZ Gateway

MARC

LEADER 00000npc a22000002 4500
001 LR121271544
003 PipeLineGenerated
005 20260508112529.0
008 190606s2019 xx ||||| 00| ||ger c
100 |a Huhn, Diether  |0 (DE-588)121271544  |0 (DE-627)08119594X  |d 1935-1999 
245 |a Archivmaterialien zu Diether Huhn, 1935-1999 
856 |u https://kalliope-verbund.info/gnd/121271544  |3 Archivdatenbank (Kalliope Verbundkatalog) 
ELC |a 1